Statistics for US Newspaper by Circulation

Click here to take the quiz!

General Stats

  • This quiz has been taken 31 times
  • The average score is 6 of 10

Answer Stats

CirculationCityAnswer% Correct
483,701New York City, New YorkThe New York Times
90%
254,739Washington D.C.The Washington Post
90%
417,936Los Angeles, CaliforniaLos Angeles Times
77%
426,129New York City, New YorkNew York Post
77%
238,103Chicago, IllinoisChicago Tribune
65%
1,011,200New York City, New YorkThe Wall Street Journal
65%
230,756Boston, MassachusettsBoston Globe
61%
1,621,910McLean, VirginiaUSA Today
61%
251,822Minneapolis, MinnesotaStar Tribune
13%
251,473Melville, New YorkNewsday
10%

Score Distribution

Percentile by Number Answered

Percent of People with Each Score

Your Score History

You have not taken this quiz